| 000 | 00774cam a22002533a 4500 | ||
|---|---|---|---|
| 001 | 20393 | ||
| 003 | PGUSA | ||
| 005 | 20140828083430.0 | ||
| 008 | 070118s2007||||xxu|||||s|||||000 | eng d | ||
| 040 |
_aPGUSA _beng |
||
| 042 | _adc | ||
| 050 | 4 | _aZ | |
| 100 | 1 |
_aPlomer, Henry Robert, _d1856-1928 |
|
| 245 | 1 | 2 |
_aA Short History of English Printing, 1476-1898 _h[electronic resource] / _cHenry Robert Plomer |
| 260 |
_bProject Gutenberg, _c2007 |
||
| 506 | _aPublic domain in the USA. | ||
| 516 | _aElectronic text | ||
| 653 | _aPrinting -- England -- History | ||
| 653 | _aEngland -- Imprints | ||
| 700 | 1 |
_aPollard, Alfred W. _q(Alfred William), _d1859-1944 |
|
| 830 | 0 |
_aProject Gutenberg _v20393 |
|
| 856 | 4 | 0 | _uhttp://www.gutenberg.org/ebooks/20393 |
| 942 | _cEB | ||
| 999 |
_c249648 _d249648 |
||